000 00519nam a2200193 i 4500
001 133916
003 ES-MaACL
005 20230906194547.0
007 t|
008 070903q19401949sp ||||1| spa d
100 1 _aWallace, Edgar.
_9115946
245 1 3 _aLa cuarta plaga /
_cpor Edgar Wallace.
260 _aMadrid :
_bAguilar,
_c[194-?]
300 _a278 p. ;
_c15 cm.
490 1 _aEl elefante blanco
830 0 _aEl elefante blanco
_9182490
852 _aES-MaACL
_jD-5760
_bR.26682
999 _c133916
_d133916